| 000 | 00420nam a2200145Ia 4500 | ||
|---|---|---|---|
| 008 | 230917s9999||||xx |||||||||||||| ||und|| | ||
| 040 |
_e63690 _aMAIN |
||
| 041 | _aEnglish | ||
| 082 | _a657.95 J199C | ||
| 100 | _aJain, S P | ||
| 245 | 0 | _aCompany accounts: for B.Com., M.Com., C.A., (inter), company secretaries (inter) and other examinations | |
| 260 |
_aNew Delhi _bKalyani _c1980 |
||
| 300 | _a484 p. | ||
| 942 | _cBK | ||
| 999 |
_c217194 _d217194 |
||